Normal view
MARC view
- International atomic energy agency
Entry Personal Name
001 - CONTROL NUMBER
- control field: 42151
003 - CONTROL NUMBER IDENTIFIER
- control field: NUST
005 - DATE AND TIME OF LATEST TRANSACTION
- control field: 20210314132223.0
008 - FIXED-LENGTH DATA ELEMENTS
- fixed length control field: 210314|| aca||aabn | a|a d
040 ## - CATALOGING SOURCE
- Original cataloging agency: NUST
- Transcribing agency: NUST
100 ## - HEADING--PERSONAL NAME
- Personal name: International atomic energy agency
670 ## - SOURCE DATA FOUND
- Source citation: Work cat.: (NUST): International atomic energy agency, Design basics flood for nuclear power plants on coastal sites, 1983
